Programa de ventas por televisión /

Tallennettuna:
Bibliografiset tiedot
Päätekijä: Cárdenas Cabrera, Elba Gabriela (autor)
Muut tekijät: Toscano González, Ana Paula (autor) (autor)
Aineistotyyppi: Opinnäyte Kirja
Kieli:espanja
Aiheet:
Tagit: Lisää tagi
Ei tageja, Lisää ensimmäinen tagi!

MARC

LEADER 00000nam^a2200000^a^4500
001 000139966
005 20250521000000.0
009 20260310095522.42
037 |a Acervo ITESO - Biblioteca 
041 |a ESP 
090 |a CCO. 489 
100 |a Cárdenas Cabrera, Elba Gabriela  |e (autor) 
245 1 0 |a Programa de ventas por televisión /  |c E.G. Cárdenas Cabrera, A.P. Toscano González. 
264 |a Guadalajara, México :  |b edición de autor,  |c 2002 
300 |a 112 p. 
336 |a texto  |b txt  |2 rdacontenido 
337 |a sin mediación  |b n  |2 rdamedio 
338 |a volumen  |b nc  |2 rdasoporte 
502 |a ITESO Tesis de Licenciatura en Ciencias de la Comunicación 
649 |a XX 
650 |a Promoción del Producto 
650 |a Promoción del Servicio 
650 |a Mezcla de Mercadotecnia 
650 |a Administración del Producto 
650 |a Planeación de la Comunicación 
650 |a Proceso de Comunicación 
650 |a Ventas por Televisión -  |x Tema Principal 
650 |a Publicidad en Televisión 
650 |a Géneros Televisivos 
650 |a Televisión 
650 |a Medios Audiovisuales 
650 |a Medios de Comunicación 
650 |a Comunicación Visual 
650 |a Comunicación Masiva 
650 |a Mercadotecnia 
650 |a Ciencias Administrativas 
700 |a Toscano González, Ana Paula  |e (autor) 
910 |a Fondo General 
920 |a Impresos - Tesis del ITESO 
930 |a Colección General 
905 |a 104 
901 |a 0500068328  |b IT2  |c TSS  |u 20250521 
902 |a https://opac.biblio.iteso.mx/vufind/Record/000139966